| 000 | 00676cas a22002175a 4500 | ||
|---|---|---|---|
| 001 | L137983 | ||
| 008 | 070510d19962000xxkbr p 0 a0eng u | ||
| 035 | _a(Sirsi) u137983 | ||
| 041 | 0 | _aeng | |
| 110 | 2 |
_aRoyal Institution of Chartered Surveyors _bRural Faculty _94160 |
|
| 245 | 0 | 0 | _aRural Property Bulletin |
| 260 |
_aLondon _bRICS _c1996-2000 |
||
| 362 | 0 | _aLondon: July/August 1995-November/December 2000 | |
| 362 | 0 | _aEdinburgh: July/August 1995-November/December 2000 | |
| 554 | _aSix per year | ||
| 651 | 4 |
_aUnited Kingdom _y |
|
| 690 | _aPROPERTY-RURAL AND NATURAL ASSETS | ||
| 780 | 0 | 0 | _tRural Practice Bulletin |
| 785 | 0 | 0 | _tRural Professional |
| 942 | _n0 | ||
| 999 |
_c118928 _d118928 |
||